Theory of machines (Record no. 12073)

000 -LEADER
fixed length control field 00413nam a22001697a 4500
008 - FIXED-LENGTH DATA ELEMENTS--GENERAL INFORMATION
fixed length control field 210119b ||||| |||| 00| 0 eng d
082 00 - DEWEY DECIMAL CLASSIFICATION NUMBER
Classification number 621
Item number T644
100 ## - MAIN ENTRY--PERSONAL NAME
9 (RLIN) 120
Personal name Toft, Louis.
245 10 - TITLE STATEMENT
Title Theory of machines
250 ## - EDITION STATEMENT
Edition statement 6th ed.
260 ## - PUBLICATION, DISTRIBUTION, ETC. (IMPRINT)
Place of publication, distribution, etc London
Name of publisher, distributor, etc Pitman
Date of publication, distribution, etc 1949
300 ## - PHYSICAL DESCRIPTION
Extent x,540 p.
365 ## - TRADE PRICE
Unit of pricing 27.00
650 #0 - SUBJECT ADDED ENTRY--TOPICAL TERM
Topical term or geographic name as entry element Machinery
700 ## - ADDED ENTRY--PERSONAL NAME
9 (RLIN) 121
Personal name Kersey, A. T. J.
942 ## - ADDED ENTRY ELEMENTS (KOHA)
Item type Books
Holdings
Withdrawn status Lost status Source of classification or shelving scheme Damaged status Not for loan Permanent location Current location Date acquired Source of acquisition Full call number Barcode Date last seen Koha item type
          IMU Kolkata IMU Kolkata 1969-09-29 Oxford Books & Stationary Co 621 T644 03399 2021-01-19 Books
          IMU Kolkata IMU Kolkata 1969-09-29 Oxford Books & Stationary Co 621 T644 03400 2021-01-19 Books
Designed and Maintained by IMU-KC Library, Kolkata Campus © Copyright All Rights Reserved

webs counters

Powered by Koha